004480000a22001450004500020001500000060000800015082002000023100003900043100002200082245009700104260002800201260000900229300000800238650005600246 a0120456443 a100 a589.2 FUN .04.2 aAinsworth G C, Sparrow Frederick K aSussman, Alfred S aFungi: an advanced treatise v 4 b taxonomic review with keys: Basidiomyceter and lower fungi aNewyork, Academic press c1973 a504 aFungi/ mycology/ fungi- lower forms/ basidiomycetes